000 00334nam a22001457a 4500
008 210429b ||||| |||| 00| 0 eng d
020 _a0030398363
041 _aeng
080 _a334.7
082 _a334.7
100 _a55
101 _aMF
245 _aFundamentals of Financial Management
_cEugene F. Brigham
942 _2udc
_cBK
999 _c57018
_d57018